Garis panduan penubuhan ladang hutan : Jabatan Perhutanan Semenanjung Malaysia

Bibliographic Details
Format: Book
Published: Kuala Lumpur : JPSM , 2017
Subjects:

MARC

LEADER 00000cam a2200000 7i4500
001 0000004141
005 20181226.0
020 0 0 |a 9789670539348 
090 0 0 |a 634.9209595   |b GAR 2017 
245 0 0 |a Garis panduan penubuhan ladang hutan :   |b Jabatan Perhutanan Semenanjung Malaysia 
260 0 0 |a Kuala Lumpur :   |b JPSM ,   |c 2017 
300 |a 80.p :   |b illcol. ;   |c 25 cm. 
650 0 0 |a Forest and forestry---Malaysia 
650 0 0 |a Forest management---Malaysia 
998 |a JPSM 
999 |a 008027   |b Monograph   |c Open Shelf   |e Default branch 
999 |a 008028   |b Monograph   |c Open Shelf   |e Default branch 
999 |a 008029   |b Monograph   |c Open Shelf   |e Default branch 
999 |a 008030   |b Monograph   |c Open Shelf   |e Default branch